• 首页
  • 本馆介绍
  • 公告通知
  • 最新文献
  • 馆藏检索
  • 电子资源
  • 读者导购
  • 参考咨询
  • 我的图书馆
  • 登录
  • 详细信息显示
  • 放入我的书架
  • 预约/预借图书
  • 作者相关作品
  • 分类相关作品
  • 丛书相关作品
  • 出版社相关作品

书目信息

  • 表格格式
  • 工作单格式
  • 卡片格式
题名:
铁代谢
    
 
作者: 钱忠明 主编
分册:  
出版信息: 北京   科学出版社  2000
页数: 369页
开本: 26cm
丛书名:
单 册:
中图分类: R589.9
科图分类:
主题词: 铁--微量元素--代谢障碍 , 代谢病
电子资源:
ISBN: 7-03-007772-5
000 00639nam0 2200217 45
001 0302181457
005 20031219104103.7
010    @a7-03-007772-5@dCNY45.00
100    @a20030218d2000 km y0chiy0120 ea
101 0  @achi
105    @a z 000yy
200 1  @a铁代谢@ATie Dai Xie@e基础与临床@EJi Chu Yu Lin Chuang@f钱忠明主编@FQian Zhong Ming Zhu Bian
210    @a北京@c科学出版社@d2000
215    @a369页@d26cm
517    @a基础与临床@AJi Chu Yu Lin Chuang
606 0  @a铁@x微量元素@x代谢障碍
606 0  @a代谢病
690    @aR589.9@v4
701  0 @a钱忠明@4主编
801    @aCN@bTSTC@c20030218
905    @b319794-795@dR589.9@e58@f2
    
    铁代谢:基础与临床/钱忠明主编.-北京:科学出版社,2000
    369页;26cm
    
    
    ISBN 7-03-007772-5:CNY45.00
    
●
相关链接 在E读中查询图书 在五车中查询图书 在当当中查询图书 在豆瓣中查询图书


正题名:铁代谢     索取号:R589.9/58         预约/预借

序号 登录号 条形码 馆藏地/架位号 状态 备注
1 0319794   203197940   第三借阅区/ [索取号:R589.9/58] 在馆    
2 0319795   203197959   第二样本阅览室/ [索取号:R589.9/58] 在馆    
唐山师范学院图书馆 欢迎您!
大连网信软件有限公司© 版权所有